000 00278nam a22001337a 4500
003 SGT
082 _a541 SPA
100 _aSPAH D.C
245 _aPHYSICAL CHEMISTRY
260 _aMEERUT
_bPRAGATI PRAKASHAN
_c2016
300 _a346
650 _aCHEMISTRY
942 _2ddc
_cFPS
_053
999 _c10054
_d10054